• 首页
  • 本馆介绍
  • 公告通知
  • 最新文献
  • 馆藏检索
  • 电子资源
  • 读者导购
  • 参考咨询
  • 我的图书馆
  • 登录
  • 详细信息显示
  • 放入我的书架
  • 预约/预借图书
  • 作者相关作品
  • 分类相关作品
  • 丛书相关作品
  • 出版社相关作品

书目信息

  • 表格格式
  • 工作单格式
  • 卡片格式
题名:
现代性语境中的行政法治研究
    
 
作者: 朱悦蘅 著
分册:  
出版信息: 北京   中国人民大学出版社  2016
页数: 210页
开本: 24cm
丛书名:
单 册:
中图分类: D922.104
科图分类:
主题词: 行政法--hang zheng fa--研究--中国
电子资源:
ISBN: 978-7-300-22433-6
000 01280nam0 22002651 450
001 1738621572
005 20170627164643.0
010    @a978-7-300-22433-6@dCNY39.80
100    @a20160612d2016 em y0chiy50 ea
101 0  @achi
102    @aCN@b110000
105    @ay z 000yy
106    @ar
200 1  @a现代性语境中的行政法治研究@9xian dai xing yu jing zhong de hang zheng fa zhi yan jiu@e以农民工权益保护为例@dThe administrative rule of law in the context of modernity@etaking migrant workers rights protection as an example@f朱悦蘅著@zeng
210    @a北京@c中国人民大学出版社@d2016
215    @a210页@d24cm
300    @a国家社科基金后期资助项目
330    @a本书从现代性出发,深入解析行政法治,并以农民工权益保护为案例研究对象,这对于研究我国治理现代化有着前瞻性的启发意义。内容涉及现代化与农民工权益保护、农民工权益保护与政府角色、农民工权益保护过程中政府间博弈分析等。
510 1  @aAdministrative rule of law in the context of modernity@etaking migrant workers rights protection as an example@zeng
517 1  @a以农民工权益保护为例@9yi nong min gong quan yi bao hu wei li
606 0  @a行政法@9hang zheng fa@x研究@y中国
690    @aD922.104@v5
701  0 @a朱悦蘅@9zhu yue heng@4著
801  0 @aCN@bTANGWEI@c20170626
905    @b1016234-9@dD922.104@e1571@f6
    
    现代性语境中的行政法治研究:以农民工权益保护为例=The administrative rule of law in the context of modernity:taking migrant workers rights protection as an example/朱悦蘅著.-北京:中国人民大学出版社,2016
    210页;24cm
    国家社科基金后期资助项目
    
    ISBN 978-7-300-22433-6:CNY39.80
    本书从现代性出发,深入解析行政法治,并以农民工权益保护为案例研究对象,这对于研究我国治理现代化有着前瞻性的启发意义。内容涉及现代化与农民工权益保护、农民工权益保护与政府角色、农民工权益保护过程中政府间博弈分析等。
●
相关链接 在E读中查询图书 在五车中查询图书 在当当中查询图书 在豆瓣中查询图书


正题名:现代性语境中的行政法治研究     索取号:D922.104/1571         预约/预借

序号 登录号 条形码 馆藏地/架位号 状态 备注
1 1016234   210162349   第一样本阅览室/ [索取号:D922.104/1571] 在馆    
2 1016235   210162358   教育系资料室/ [索取号:D922.104/1571] 在馆    
3 1016236   210162367   教育系资料室/ [索取号:D922.104/1571] 在馆    
4 1016237   210162376   教育系资料室/ [索取号:D922.104/1571] 在馆    
5 1016238   210162385   第一借阅区/ [索取号:D922.104/1571] 在馆    
6 1016239   210162394   第一借阅区/ [索取号:D922.104/1571] 在馆    
唐山师范学院图书馆 欢迎您!
大连网信软件有限公司© 版权所有